| 000 | 00421nam a22001697a 4500 | ||
|---|---|---|---|
| 003 | NUST - PNEC | ||
| 005 | 20170116181020.0 | ||
| 008 | 150915b xxu||||| |||| 00| 0 eng d | ||
| 020 | _a- | ||
| 040 | _cLIBRARY | ||
| 082 | _a621.4021 BOD | ||
| 100 |
_910616 _aBodsworth, C. |
||
| 245 |
_aProblems in applied thermodynamics _cC. Bodsworth |
||
| 260 | _cc.1965 | ||
| 650 |
_910620 _aThermodynamics _yME |
||
| 942 |
_2ddc _cBK |
||
| 999 |
_c67386 _d67386 |
||